Pobreza: un glosario internacional /

Se compila un glosario de términos afines a la problemática de la pobreza, a partir de una perspectiva latinoamericana. Los autores solicitaron colaboración de académicos de diversas disciplinas y tradiciones para trabajar los conceptos vinculados a la pobreza. Este glosario es una versión revisada...

Ful tanımlama

Kaydedildi:
Detaylı Bibliyografya
Yazar: Spicker, Paul, editor
Diğer Yazarlar: Alvarez Leguizamón, Sonia, editora, Gordon, David, editor, Ibarra, Pedro Marcelo, traductor, Alvarez Leguizamón, Sonia, traductora
Materyal Türü: Bilinmiyor
Dil:Spanish
Baskı/Yayın Bilgisi: Buenos Aires, Argentina : CLACSO,
Seri Bilgileri:Colección CLACSO-CROP
Konular:
Etiketler: Etiketle
Etiket eklenmemiş, İlk siz ekleyin!

MARC

LEADER 00000 a2200000 04500
001 40304
003
008 050701s2009 ag spa d
040
020 |a 978-987-1543-19-9  
022 |a 978-987-1543-19-9  
090 |a R.0005 S754p  
100 |a Spicker, Paul, editor  
245 |a Pobreza:   |b un glosario internacional /   |c Paul Spicker, editor ; Sonia Alvarez Leguizamón, editora ; David Gordon, editor ; traductores Pedro Marcelo Ibarra y Sonia Alvarez Leguizamón  
260 |a Buenos Aires, Argentina :   |b CLACSO,  
300 |a 320 páginas : gráficos  
440 |a Colección CLACSO-CROP  
500 |a Clasificación del SIBDI R 36503 P739p   |a También versión en inglés  
520 |a Se compila un glosario de términos afines a la problemática de la pobreza, a partir de una perspectiva latinoamericana. Los autores solicitaron colaboración de académicos de diversas disciplinas y tradiciones para trabajar los conceptos vinculados a la pobreza. Este glosario es una versión revisada de la publicada en 1999, y cuenta con aproximadamente doscientos definiciones. Cada entrada contiene tanto definiciones como explicaciones, con referencias a la literatura académica y profesional actual.  
590 |a DISEMINAR092010/EFU/OCTUBRE2010  
650 |a GLOSARIOS  
650 |a POBREZA  
650 |a MATERIAL DE REFERENCIA  
650 |a TEORIA  
650 |a AMERICA LATINA  
700 |a Alvarez Leguizamón, Sonia, editora  
700 |a Gordon, David, editor  
700 |a Ibarra, Pedro Marcelo, traductor  
700 |a Alvarez Leguizamón, Sonia, traductora  
999 |c 13283  |d 13283